=LDR 00000nam 2200000 4500 =001 INLIS000000000058829 =005 20211013071722 =035 ##$$a 0010-1021000277 =007 ta =008 211013###########################0#ind## =082 ##$$a 899.221 3 =084 ##$$a 899.221 3 Irw a =245 1#$$a Aku mau Ayah : $b Kisah - kisah anak yang terabaikan /$c Irwan =300 ##$$a 281 halaman : $b ilustrasi ; $c 18 cm =650 #4$$a Fiksi Indonesia =264 ##$$a Depok :$b Senja,$c 2019 =336 ##$$a teks$2 rdacontent =337 ##$$a lain-lain$2 rdamedia =338 ##$$a lain-lain$2 rdacarrier =990 ##$$a 18251825 =990 ##$$a 18251825